000
00247nam a2200097Ia 4500
008
240331s9999 xx 000 0 und d
082
_a
303.6
_b
BAL
100
_a
Balasuriya, Tissa
245
0
_a
Catastrophe July 83 :
_b
can Sri Lanka Survive?
942
_c
L
999
_c
1238
_d
1238